000
00278nam a2200109Ia 4500
008
220204s9999 xx 000 0 und d
082
_a
030.8:801.323.9
_b
MOO
100
_a
Moosakutty, V A
245
0
_a
Pancha Maha Nighantu
260
_a
Kottayam
_b
V Publishers
_c
1976
942
_c
BK
999
_c
24228
_d
24228